MARC

LEADER 00000nam0a2200000 4500
001 329132
005 20231102004130.0
035 |a (RuTPU)RU\TPU\book\354874 
090 |a 329132 
100 |a 20170309d1972 km y0rusy50 ca 
101 0 |a rus 
102 |a RU 
105 |a a z 001zy 
200 1 |a Обработка резанием жаропрочных, высокопрочных и титановых сплавов  |f под ред. Н. И. Резникова 
210 |a Москва  |c Машиностроение  |d 1972 
215 |a 200 с.  |c ил. 
320 |a Библиогр.: с. 194-199 
606 1 |a Жаропрочные сплавы  |x Обработка резанием  |2 stltpush  |3 (RuTPU)RU\TPU\subj\10330  |9 37417 
606 1 |a Титановые сплавы  |x Обработка резанием  |2 stltpush  |3 (RuTPU)RU\TPU\subj\60703  |9 77936 
610 1 |a высокопрочные сплавы 
610 1 |a обработка резанием 
610 1 |a материалы 
610 1 |a режущие инструменты 
610 1 |a физические явления 
610 1 |a алмазно-эльборовая обработка 
610 1 |a оптимальные режимы 
610 1 |a качество 
610 1 |a поверхности 
610 1 |a жесткость 
675 |a 621.9:669  |v 4 
675 |a 669.295.5  |v 4 
702 1 |a Резников  |b Н. И.  |g Наум Иосифович  |4 340 
801 1 |a RU  |b 63413507  |c 20170309 
801 2 |a RU  |b 63413507  |c 20170314  |g RCR 
942 |c BK